000
00343pab a2200157 454500
008
180718b2012 xxu||||| |||| 00| 0 eng d
100
_a
Singh, Hargopal
245
_a
Today's trade unionism
260
_c
2012
300
_a
p.15-16.
362
_a
28 Apr
650
_a
Trade unions
773
_a
Mainstream
908
_a
N
909
_a
95805
999
_c
95805
_d
95805